000 00652nam a2200277Ia 4500
005 20260121124545.0
008 008 260114s9999 xx 000 0 eng d
020 _a9781501763205
037 _aEBOOK
040 _aCRL
040 _beng
040 _cCRL
041 _2eng
041 _aeng
084 _qCRL
100 _aBeckeld, Benedict
_9978002
245 0 _aWestern Self-Contempt
260 _bWalter de Gruyter
260 _bWalter de Gruyter
260 _c2022
650 _aPhilosophy
_9978003
856 _uhttp://www.degruyter.com/isbn/9781501763205
942 _cEBOOK
999 _c1555473
_d1555473